000 00622nam a2200205Ia 4500
005 20260616173547.0
008 260616s9999||||xx |||||||||||||| ||und||
020 _a9781846147678
_qhb
082 _a153.4
_bKAK
100 _aKaku, Michio
245 4 _aThe future of the mind : the scientific quest to understand, enhance, and empower the mind
260 _aLondon
_bAllen Lane an imprint of Penguin Books
_c2014
300 _axviii, 377p. ; 24cm.
653 _aBrain—Research
653 _aCognitive neuroscience
653 _aConsciousness
653 _aMind and body
653 _aNeurosciences
942 _cBK
999 _c57252
_d57252